Normal view
MARC view
- Read, H.H
Entry Personal Name
001 - CONTROL NUMBER
- control field: 40375
003 - CONTROL NUMBER IDENTIFIER
- control field: NUST
005 - DATE AND TIME OF LATEST TRANSACTION
- control field: 20210314131743.0
008 - FIXED-LENGTH DATA ELEMENTS
- fixed length control field: 210314|| aca||aabn | a|a d
040 ## - CATALOGING SOURCE
- Original cataloging agency: NUST
- Transcribing agency: NUST
100 ## - HEADING--PERSONAL NAME
- Personal name: Read, H.H
670 ## - SOURCE DATA FOUND
- Source citation: Work cat.: (NUST): Read, H.H., Geology an introduction to earth history, 1953
